Normal view
MARC view
Entry Término temático
001 - NÚMERO DE CONTROL
- campo de control: 79445
003 - IDENTIFICADOR DEL NÚMERO DE CONTROL
- campo de control: DO-SdBNP
005 - FECHA Y HORA DE LA ÚLTIMA TRANSACCIÓN
- campo de control: 20210809151120.0
008 - DATOS DE LONGITUD FIJA
- campo de control de longitud fija: 210809|| aca||aabn | a|a d
040 ## - FUENTE DE LA CATALOGACIÓN
- Centro catalogador/agencia de origen: DO-SdBNP
- Centro/agencia transcriptor: DO-SdBNP
150 ## - ENCABEZAMIENTO--TÉRMINO DE MATERIA
- Término de materia o nombre geográfico como elemento de entrada: Cartas pontificias
670 ## - FUENTE DE DATOS ENCONTRADOS
- Cita de la fuente: Work cat.: (DO-SdBNP): Iglesia Católica. Papa (2013- : Francisco). 4241, Carta encíclica Laudato si' del Santo Padre Francisco sobre el cuidado de la casa común /, [200?]
